Sherlock Holmes : (Record no. 47888)
[ view plain ]
| 000 -LEADER | |
|---|---|
| fixed length control field | 03212cgm a2200469Ia 4500 |
| 001 - CONTROL NUMBER | |
| control field | 276368481 |
| 003 - CONTROL NUMBER IDENTIFIER | |
| control field | OCoLC |
| 005 - DATE AND TIME OF LATEST TRANSACTION | |
| control field | 20190827085342.0 |
| 007 - PHYSICAL DESCRIPTION FIXED FIELD--GENERAL INFORMATION | |
| fixed length control field | vd mvaizu |
| 008 - FIXED-LENGTH DATA ELEMENTS--GENERAL INFORMATION | |
| fixed length control field | 081125s2008 xxu000 e vleng d |
| 024 1# - OTHER STANDARD IDENTIFIER | |
| Standard number or code | 683904504944 |
| 035 ## - SYSTEM CONTROL NUMBER | |
| System control number | .b15033223 |
| 035 ## - SYSTEM CONTROL NUMBER | |
| System control number | (OCoLC)276368481 |
| 245 00 - TITLE STATEMENT | |
| Title | Sherlock Holmes : |
| Remainder of title | the complete series / |
| Statement of responsibility, etc | Mill Creek Entertainment. |
| 260 ## - PUBLICATION, DISTRIBUTION, ETC. (IMPRINT) | |
| Place of publication, distribution, etc | Minnesota : |
| Name of publisher, distributor, etc | Mill Creek Entertainment, |
| Date of publication, distribution, etc | 2008. |
| 300 ## - PHYSICAL DESCRIPTION | |
| Extent | 3 videodiscs (1,170 min.) : |
| Other physical details | sound, color, black and white ; |
| Dimensions | 4 3/4 in. |
| 440 ## - SERIES STATEMENT/ADDED ENTRY--TITLE | |
| Title | Legends Series Television Classics |
| 500 ## - GENERAL NOTE | |
| General note | "Digitally remastered onto 3 extended DVDs"--Container cover. |
| 500 ## - GENERAL NOTE | |
| General note | Includes 39 episodes. |
| 500 ## - GENERAL NOTE | |
| General note | Accompanying materials may vary. Some discs may contain one-time use digital copies. |
| 505 0# - FORMATTED CONTENTS NOTE | |
| Formatted contents note | v. 2: Disc 2: The case of the French interpreter -- The case of the singing violin -- The case of the greystone inscription -- The case of the laughing mummy -- The case of the thistle killer -- The case of the vanished detective -- The case of the careless suffragette -- The case of the reluctant carpenter -- The case of the deadly prophecy -- The Christmas pudding -- The night train riddle -- The case of the violent suitor -- The case of the Baker Street nursemaids. |
| 505 0# - FORMATTED CONTENTS NOTE | |
| Formatted contents note | v. 3: Disc 3: The case of the perfect husband -- The case of the jolly hangman -- The case of the impostor mystery -- The case of the Eiffel Tower -- The case of the exhumed client -- The case of the impromptu performance -- The case of the Baker Street bachelors -- The case of the royal murder -- The case of the haunted Gainsborough -- The case of the neurotic detective -- The case of the unlucky gambler -- The case of the diamond tooth -- The case of the tyrant's daughter. |
| 505 0# - FORMATTED CONTENTS NOTE | |
| Formatted contents note | v. 1: Disc 1: The case of the Cunningham heritage -- The case of Lady Beryl -- The case of the Pennsylvania gun -- The case of the Texas cowgirl -- The case of the belligerent ghost -- The case of the shy ballerina -- The case of the Winthrop legend -- The case of the blind man's bluff -- The case of Harry Croker -- The Mother Hubbard case -- The case of the Red Headed League -- The case of the shoeless engineer -- The case of the split ticket. |
| 508 ## - CREATION/PRODUCTION CREDITS NOTE | |
| Creation/production credits note | Produced by Sheldon Reynolds. |
| 511 1# - PARTICIPANT OR PERFORMER NOTE | |
| Participant or performer note | Ronald Howard, Howard Marion Crawford ; introductions by Christopher Lee. |
| 518 ## - DATE/TIME AND PLACE OF AN EVENT NOTE | |
| Date/time and place of an event note | Originally broadcast on television from 1954-1955. |
| 520 ## - SUMMARY, ETC. | |
| Summary, etc | Follows the adventures of master detective Sherlock Holmes and his assistant, Dr. Watson as they take on one baffling case after another in London. |
| 538 ## - SYSTEM DETAILS NOTE | |
| System details note | DVD. |
| 546 ## - LANGUAGE NOTE | |
| Language note | Dialogue in English. |
| 600 #0 - SUBJECT ADDED ENTRY--PERSONAL NAME | |
| Personal name | Holmes, Sherlock |
| Form subdivision | Drama. |
| 600 #0 - SUBJECT ADDED ENTRY--PERSONAL NAME | |
| Personal name | Watson, John H. |
| Titles and other words associated with a name | (Fictitious character) |
| Form subdivision | Drama. |
| 650 #0 - SUBJECT ADDED ENTRY--TOPICAL TERM | |
| Topical term or geographic name as entry element | Private investigators |
| Geographic subdivision | England |
| Form subdivision | Drama. |
| 655 #0 - INDEX TERM--GENRE/FORM | |
| Genre/form data or focus term | Feature films. |
| 700 1# - ADDED ENTRY--PERSONAL NAME | |
| Personal name | Doyle, Arthur Conan, |
| Dates associated with a name | 1859-1930. |
| 700 1# - ADDED ENTRY--PERSONAL NAME | |
| Personal name | Howard, Ronald, |
| Dates associated with a name | 1918-1996. |
| 700 1# - ADDED ENTRY--PERSONAL NAME | |
| Personal name | Marion-Crawford, Howard, |
| Dates associated with a name | 1914-1969. |
| 700 1# - ADDED ENTRY--PERSONAL NAME | |
| Personal name | Lee, Christopher, |
| Dates associated with a name | 1922-2015. |
| 710 2# - ADDED ENTRY--CORPORATE NAME | |
| Corporate name or jurisdiction name as entry element | Mill Creek Entertainment. |
| 730 0# - ADDED ENTRY--UNIFORM TITLE | |
| Uniform title | Sherlock Holmes (Television program : 1954-1955) |
| 830 #0 - SERIES ADDED ENTRY--UNIFORM TITLE | |
| Uniform title | Legends series. |
| 942 ## - ADDED ENTRY ELEMENTS (KOHA) | |
| Source of classification or shelving scheme | Library of Congress Classification |
| Item type | DVD |
| Withdrawn status | Lost status | Source of classification or shelving scheme | Damaged status | Not for loan | Home library | Current library | Shelving location | Date acquired | Source of acquisition | Total Checkouts | Barcode | Date last seen | Price effective from | Koha item type | Public note |
|---|---|---|---|---|---|---|---|---|---|---|---|---|---|---|---|
| Library of Congress Classification | BSOP Library | BSOP Library | DVD | 08/27/2019 | Amazon | 00057124 | 08/27/2019 | 08/27/2019 | DVD | S4.99 |
